Zavlažujeme zahradu : Moderní hospodaření s vodou
Enregistré dans:
| Auteur principal: | |
|---|---|
| Format: | Livre |
| Langue: | tchèque |
| Publié: |
Praha :
Grada,
2001
|
| Tags: |
Pas de tags, Soyez le premier à ajouter un tag!
|
MARC
| LEADER | 00000nam a22000003a 4500 | ||
|---|---|---|---|
| 001 | stu73068 | ||
| 005 | 20150617225647.3 | ||
| 008 | 011219s2001----xr------------------cze-d | ||
| 020 | |a 80-247-0083-2 | ||
| 040 | |a STU |b slo | ||
| 041 | 0 | |a cze | |
| 044 | |a xr | ||
| 080 | |a 712.2 |7 stu_us_auth*stu13842 | ||
| 080 | |a 626.84 |7 stu_us_auth*stu8918 | ||
| 100 | 1 | |a Tůma, Jan |4 aut | |
| 245 | 1 | |a Zavlažujeme zahradu : |b Moderní hospodaření s vodou | |
| 260 | |a Praha : |b Grada, |c 2001 | ||
| 300 | |a 115 s.;obr | ||
| 996 | |b 284V028450 |c V*47168/O-20744 |l VVT |s A |a 24 |w stu73068_0001 | ||